000 00501nam a2200217Ia 4500
005 20250425160718.0
008 250425s9999 xx 000 0 und d
041 _aspa
082 _a530.028
245 0 _aFISICA EXPERIMENTAL I
250 _a1A ED.
260 _aEcuador
_bESPOL. ICF
_c1998
260 _aGUAYAQUIL
300 _a71
500 _aFOLLETO COLECCION ESPOL
650 _aESTATICA
650 _aFISICA-EXPERIMENTOS
650 _aHIDROSTATICA
942 _c01
010 _a3209
999 _c194641
_d194641